A Complete guide to knitting
| Main Author: | |
|---|---|
| Format: | Book |
| Published: |
London :
Marshall Cavendish Books Ltd. ,
1985
|
| Subjects: |
MARC
| LEADER | 00000cam a2200000 7i4500 | ||
|---|---|---|---|
| 001 | 0000009999 | ||
| 002 | 000010896 | ||
| 005 | 20000330.0 | ||
| 020 | |a 0856851892 | ||
| 090 | 0 | 0 | |a 746.43 |b DAW |
| 100 | 0 | |a Dawson, Pam | |
| 245 | 1 | 2 | |a A Complete guide to knitting |c Pam Dawson |
| 260 | |a London : |b Marshall Cavendish Books Ltd. , |c 1985 | ||
| 300 | |a 160 p. : |b ill. ; |c 28 cm. | ||
| 650 | 0 | 0 | |a Knitting |x Patterns |
| 999 | |a 022412 |b BUKU |c PINJAMAN |e PERPUSTAKAAN KOMUNITI PETALING JAYA | ||